| 000 | 01144nam a2200313 i 4500 | ||
|---|---|---|---|
| 001 | 18025 | ||
| 003 | ES-MaACL | ||
| 005 | 20251116063052.0 | ||
| 007 | t| | ||
| 008 | 010803s2000 sp ||||0| spa | ||
| 020 | _a84-7423-968-0 | ||
| 080 | _a821.134.2-21"15" | ||
| 100 | 1 |
_aRojas, Fernando de, _dca. 1470-1541 _999042 |
|
| 240 | 1 | 3 | _aLa Celestina |
| 245 | 1 | 3 |
_aLa Celestina : _btragicomedia de Calisto y Melibea / _cFernando de Rojas (y "antiguo autor") ; edición y estudio de Francisco J. Lobera y Guillermo Serés, Paloma Díaz-Mas, Carlos Mota e Iñigo Ruiz Arzálluz y Francisco Rico. |
| 260 |
_aBarcelona : _bCrítica, _c[2000] |
||
| 300 |
_aCCL, 874 p. ; _c21 cm. |
||
| 490 | 1 |
_aBiblioteca clásica ; _v20 |
|
| 504 | _aBibliografía: p. 751-826. | ||
| 700 | 1 |
_aLobera, Francisco J. _973005 |
|
| 700 | 1 |
_aSerés, Guillermo. _9105539 |
|
| 700 | 1 |
_aDíaz-Mas, Paloma. _944347 |
|
| 700 | 1 |
_aMota, Carlos. _983815 |
|
| 700 | 1 |
_aRuiz Arzálluz, Iñigo. _9100660 |
|
| 700 | 1 |
_aRico, Francisco, _d1942- _997012 |
|
| 830 | 1 |
_aBiblioteca clásica ; _v20 _9180370 |
|
| 852 |
_aES-MaACL _jL-24767 |
||
| 999 |
_c18025 _d18025 |
||